LIBRARY & INFORMATION CENTRE, KCAET, TAVANUR

ONLINE PUBLIC ACCESS CATALOGUE (OPAC)

Waves and oscillations / (Record no. 7409)

MARC details
000 -LEADER
fixed length control field 00448cam a2200181ua 4500
041 ## - LANGUAGE CODE
Language code of text/sound track or separate title eng
082 ## - DEWEY DECIMAL CLASSIFICATION NUMBER
Classification number 530.124
Item number WAL/WA
100 ## - MAIN ENTRY--AUTHOR NAME
Personal name Waldron, K A .
245 ## - TITLE STATEMENT
Title Waves and oscillations /
250 ## - EDITION STATEMENT
Edition statement 1 /
260 ## - PUBLICATION, DISTRIBUTION, ETC. (IMPRINT)
Place of publication New Delhi :
Name of publisher Affiliated East West Press Pvt Ltd ,
Year of publication 1964.
300 ## - PHYSICAL DESCRIPTION
Number of Pages 135 ; .
942 ## - ADDED ENTRY ELEMENTS (KOHA)
Koha item type Books
Holdings
Withdrawn status Lost status Damaged status Home library Current library Date acquired Full call number Accession Number Koha item type
      KAUAET KAUAET 07/04/2012 530.124 WAL/WA 10629 Books
free website counter